000 00620nam a2200205Ia 4500
003 GCL
008 140319s9999 xx 000 0 ara d
040 _aGCL /
_cGCL
082 0 4 _a512.05
_bر ت
100 1 _aرمضان محمد جهمية
245 1 0 _aالتفاضل والتكامل /
_cرمضان محمد جهمية
700 1 _aاحمد عبدالعالى هب الريح
260 _a[S.N] :
_bجامعة التحدى ،
_c1993
300 _a590
490 _a
650 0 4 _aالتفاضل والتكامل
650 0 4 _aالرياضيات
650 0 4 _aالجير التفاضلى
942 _2ddc
_cBK
999 _c53735
_d53735